William J. Clinton 1996. (In two books) book 1 January 1 to June 30, 1996

Bibliographic Details
Corporate Author: Spojené štáty americké. Prezident (1993-2001 : Clinton) (Author)
Format: Book
Language:English
PhysicalDescription:1045, [37] s., [8] s. fareb. obr. príl. 26 cm
Published: Washington United States Government Printing Office 1997
Subjects:

MARC

LEADER 00000nam a2200000 a 4500
001 vtls001323534
003 SK-MaSNL
005 20260301235531.0
008 251124s1997 US a b 0 eng
020 |c [2000,00] 
035 |a SNK000276229 
040 |a SNK  |b slo  |c SNK  |e AACR2 
044 |a US 
080 |a 081 Clinton, B.  |2 1981 
110 2 |a Spojené štáty americké.  |b Prezident (1993-2001 : Clinton)  |4 aut  |9 62456 
245 1 |a William J. Clinton 1996. (In two books)  |n book 1  |p January 1 to June 30, 1996 
260 |a Washington  |b United States Government Printing Office  |c 1997 
300 |a 1045, [37] s., [8] s. fareb. obr. príl.  |c 26 cm 
600 1 |a Clinton, Bill,  |d 1946-  |2 SNK  |9 194418 
600 1 7 |a Clinton, Bill,  |d 1946-  |2 SNK  |9 194418 
999 |c 975488  |d 977418 
952 |t P60, <04>, [BOOK], {604}  |a SNK  |b SNK  |y VYP  |7 0  |p 17A0128529  |o snkIB 69451/1996/1  |i snkV 288/98  |0 0  |1 0  |4 0  |d 1998-03-23  |l 0  |r 2005-01-02 00:00:00  |w 2026-02-24